| 000 | 00897nam a2200205 a 4500 | ||
|---|---|---|---|
| 001 | 000036693 | ||
| 005 | 20200930075858.0 | ||
| 008 | 120125s1962 sp 000 f spa d | ||
| 040 |
_aDO-SdBNP _bspa _cBNPHU |
||
| 041 | 1 | 7 |
_aspa _heng |
| 100 | 1 |
_aWells, H. G. _d1866-1946 _962983 |
|
| 245 | 1 | 0 |
_aObras completas / _cH. G. Wells ; traducción del inglés por Nellie Manso de Zúñiga ... [et al.]. |
| 250 | _a2a. ed. | ||
| 260 |
_aBarcelona : _bPlaza & Janés, _c1962. |
||
| 300 |
_axxv, 1564 p. ; _c18 cm. |
||
| 505 | 0 |
_tLa máquina del tiempo. -- _tLa isla del doctor Moreau. -- _tEl hombre invisible. -- _tLa guerra de los mundos. -- _tCuando el durmiente despierta. -- _tLos primeros hombres en la luna. -- _tEl alimento de los dioses. -- _tLa visita maravillosa. |
|
| 650 | 2 | 4 |
_aNovela británica _910654 |
| 650 | 2 | 4 |
_aLiteratura británica _910656 |
| 700 | 1 |
_aManso de Zúñiga, Nellie, _etrad. _962984 |
|
| 999 |
_c36184 _d36184 |
||